Statistics for 2014 FIFA World Cup Quiz

Click here to take the quiz!

General Stats

  • This quiz has been taken 70,353 times
  • The average score is 25 of 32

Answer Stats

GroupTeam% Correct
Group ABrazil
97%
Group BSpain
95%
Group FArgentina
95%
Group GGermany
95%
Group DEngland
92%
Group EFrance
91%
Group DItaly
91%
Group GUnited States
91%
Group GPortugal
90%
Group BNetherlands
88%
Group AMexico
86%
Group CJapan
85%
Group DUruguay
84%
Group BAustralia
83%
Group BChile
83%
Group HRussia
78%
Group CColombia
78%
Group HBelgium
75%
Group HSouth Korea
74%
Group GGhana
72%
Group ACroatia
72%
Group FNigeria
70%
Group DCosta Rica
69%
Group CGreece
67%
Group ESwitzerland
67%
Group ACameroon
65%
Group CIvory Coast
63%
Group FIran
63%
Group HAlgeria
58%
Group EHonduras
54%
Group FBosnia-Herzegovina
52%
Group EEcuador
49%

Score Distribution

Percentile by Number Answered

Percent of People with Each Score

Your Score History

You have not taken this quiz